000 00318nam a22001457a 4500
008 210604b ||||| |||| 00| 0 eng d
020 _a2901449646751
041 _aeng
080 _25th
_a311
082 _a311
100 _a55
101 _aSTA
245 _aC++ Plus Data Structures
_cNell Dale
942 _2udc
_cBK
999 _c57978
_d57978